000 00259nam a22001217a 4500
041 _aENG
100 _aPhipps .L.J
245 _aMechanics In Agriculture
260 _aDelhi
_bThe Intrstate
_c1967
300 _a835
650 _aGAE (15)
856 _uGAE (15)
999 _c2961
_d2961